Statistics for Marvel or DC Comics

Click here to take the quiz!

General Stats

  • This quiz has been taken 76 times
  • The average score is 58 of 75

Answer Stats

QuestionTileSelect% Correct
Tony StarkDCNo
100%
Tony StarkMarvelYes
100%
DeathstrokeNeitherNo
100%
DeadpoolNeitherNo
100%
Tony StarkNeitherNo
100%
DeadpoolDCNo
99%
DeadpoolMarvelYes
99%
DeathstrokeDCYes
97%
Spider-WomanDCNo
97%
DeathstrokeMarvelNo
97%
DeadshotMarvelNo
97%
PenguinDCYes
94%
Morgan StarkDCNo
94%
SpiderboyDCNo
94%
PenguinNeitherNo
94%
Spider-WomanNeitherNo
94%
Arya StarkDCNo
93%
SpidergirlDCNo
93%
DeadshotDCYes
93%
DeadmanMarvelNo
93%
PenguinMarvelNo
93%
Spider-WomanMarvelYes
93%
DeadshotNeitherNo
93%
Mr. MxyzptlkMarvelNo
91%
ClownhunterMarvelNo
91%
Red ArrowMarvelNo
90%
SpeedyMarvelNo
88%
Red ArrowNeitherNo
88%
DominoNeitherNo
88%
QuestionMarvelNo
87%
Morgan StarkNeitherNo
84%
SpidergirlNeitherNo
84%
Morgan StarkMarvelYes
83%
RorschachMarvelNo
83%
Red ArrowDCYes
81%
Gold SurferMarvelNo
81%
Abra CadabraMarvelNo
81%
DominoDCNo
80%
Gold SurferDCNo
78%
SpidergirlMarvelYes
78%
KilowogNeitherNo
77%
KilowogMarvelNo
75%
The Human SharkMarvelNo
75%
Death AngelMarvelNo
74%
StarboyMarvelNo
74%
The DemonMarvelNo
74%
Mr. MxyzptlkNeitherNo
74%
QuestionNeitherNo
74%
Arya StarkMarvelNo
72%
DominoMarvelYes
71%
Arya StarkNeitherYes
71%
Mr. MxyzptlkDCYes
70%
Death AngelDCNo
70%
Gold SurferNeitherYes
68%
QuestionDCYes
67%
SpeedyNeitherNo
65%
SpeedyDCYes
64%
Abra CadabraNeitherNo
64%
DeadmanNeitherNo
61%
RorschachNeitherNo
61%
StarboyDCNo
58%
The DemonNeitherNo
58%
DeadmanDCYes
57%
KilowogDCYes
57%
RorschachDCYes
54%
Abra CadabraDCYes
52%
The Human SharkDCNo
51%
Death AngelNeitherYes
51%
SpiderboyMarvelNo
48%
SpiderboyNeitherYes
46%
ClownhunterNeitherNo
42%
The DemonDCYes
41%
The Human SharkNeitherYes
39%
StarboyNeitherYes
39%
ClownhunterDCYes
38%

Score Distribution

Percentile by Number Answered

Percent of People with Each Score

Your Score History

You have not taken this quiz